Music Quiz

Random Music Quiz

Guess the Song in 5 minutes #267 Quiz Stats

 Plays Quiz not verified by Sporcle

Challenge
Share
Tweet
Embed
Score 0/11 Timer 05:00
0 Plays Today
Clue No.: Clue: % Correct
Answer???
100%
Type 9 for clue???
95%
Type 10 for clue???
95%
Type 7 for clue???
75%
Type 8 for clue???
75%
Type 6 for clue???
75%
Type 5 for clue???
60%
Type 4 for clue???
55%
Type 3 for clue???
50%
Type 2 for clue???
40%
Type 1 for clue???
5%

You're not logged in!

Compare scores with friends on all Sporcle quizzes.
Join for Free
OR
Log In

You Might Also Like...

Show Comments

Extras

Created Jun 25, 2016ReportNominate
Tags:Guessing Game, hint

Top Quizzes Today


Score Distribution

Your Account Isn't Verified!

In order to create a playlist on Sporcle, you need to verify the email address you used during registration. Go to your Sporcle Settings to finish the process.

Report this User

Report this user for behavior that violates our Community Guidelines.

Details: